Регионална библиотека "Любен Каравелов" - Русе

140 години военни окръжия. (Запис номер 390536)

MARC детайли
000 -Лидер
Контролно поле с фиксирана дължина nam a22 a 4500
003 - Код на организацията, давaща контролен номер
Контролно поле BLK
005 - Дата и час на последна редакция
Контролно поле 20210313130418.0
008 - Елементи от данни с фиксирана дължина
fixed length control field 181219b bu ao|||r|||| 00| | bu d
040 ## - Източник на каталожния запис
Идентификатор на билиотеката - собственик на записа BLK
041 ## - Код за език
Код за езика на текст/звукозапис или на отделно заглавие Български
Код за езика КДБФ Български
080 ## - УДК
Текстов определител УДК Военно дело. Военни науки. Народна отбрана. Въоръжени сили
УДК код - определител по УДК 355/359
УДК определител (497.2)(091)
УДК - код + определител 355/359(497.2)(091)
139 ## - Редно поле
Редна дума 140 години военни окръжия
Авторски знак Сто - С 77
245 ## - Сведения за заглавието
Заглавие 140 години военни окръжия.
257 ## - Страна на издаване
Страна на създаване/издаване България
260 ## - Област на издателските данни
9 (RLIN) 391979
Място на издаване, разпространение и проч. София
Име на издателя, разпространителя и проч. Центр. воен. окръжие
Година на издаване б.г.
300 ## - Физическа характеристика
Страници 38 с.
Илюстрации и др. с цв. ил., портр., факсимил.
Размери/Мащаб 23 см
380 ## - Жанр
Жанр Обществени науки
650 #0 - Допълнително описание по предмет – тема
9 (RLIN) 241785
Основно описание – тема или топоним България - военна история
653 #7 - Ключова дума – ненормативна
9 (RLIN) 183565
Ключова дума Военно окръжие
653 #7 - Ключова дума – ненормативна
9 (RLIN) 187889
Ключова дума история
852 ## - Местоположение
Фондова буква Краезнание
Систематично-азбучна сигнатура 35/С 77
999 ## - СИСТЕМНИ КОНТРОЛНИ НОМЕРА
Koha biblionumber 390536
Koha biblioitemnumber 390536
942 ## - АРТИКУЛИ
Вид на библиотечния материал Книги
Скрит в OPAC Не
Периодичен библиозапис Да
944 ## - СЪЗДАВАНЕ И РЕДАКЦИЯ на ЗАПИСА
Създаване/Редакция Създаване
Дата на регистрацията/редакция 2018-12-19
Служител, извършил регистрацията/редакцията ТД
Статус, дата на статуса 2020-10-23
999 ## - СИСТЕМНИ КОНТРОЛНИ НОМЕРА
Koha biblioitemnumber 390536
999 ## - СИСТЕМНИ КОНТРОЛНИ НОМЕРА
Koha biblioitemnumber 390536
999 ## - СИСТЕМНИ КОНТРОЛНИ НОМЕРА
Koha biblioitemnumber 390536
999 ## - СИСТЕМНИ КОНТРОЛНИ НОМЕРА
Koha biblioitemnumber 390536
999 ## - СИСТЕМНИ КОНТРОЛНИ НОМЕРА
Koha biblioitemnumber 390536
999 ## - СИСТЕМНИ КОНТРОЛНИ НОМЕРА
Koha biblioitemnumber 328248
999 ## - СИСТЕМНИ КОНТРОЛНИ НОМЕРА
Koha biblioitemnumber 328248
999 ## - СИСТЕМНИ КОНТРОЛНИ НОМЕРА
Koha biblioitemnumber 328248
999 ## - СИСТЕМНИ КОНТРОЛНИ НОМЕРА
Koha biblioitemnumber 328248
Наличности
Код за отписване Код за изгубен артикул Източник на класификационната схема Код за повреда Коз за рестрикции Код за отдаване Артикулен № Име на библиотеката - собственик Име на библиотеката, в която се намира в момента Статус (Текущо местоположение) Дата на вписване в системата Местоположение - отдел Цена в лева Систематично азбучна сигнатура Баркод Цена в евро Служебен тип на артикула
  Не е изгубен Universal Decimal Classification Не е повреден само за читалня ползва се в читалня 815975 Регионална библиотека "Любен Каравелов" Русе Регионална библиотека "Любен Каравелов" Русе Краезнание 2021-03-13 Краезнание 15.00 К 355/359/С 77 120000853266 7.67 Книги
Vip Innovations Ltd, Rousse, Bulgaria 2025